000 00568nam a22001937a 4500
003 0
005 20240923145806.0
008 240923b xxu||||| |||| 00| 0 eng d
020 _a978-1-265-09445-4
050 _aHF 5679
_b.R53 2023
100 _aRichardson, Vernon J.
245 _aData analysis for accounting
_cRichardson, Vernon J.
250 _a3rd ed.
260 _aNew York
_bMcGrawhill
_cC2023
300 _axxv, 609p. :
_bill. ;col.:
_c26cm.
500 _aAccounting-- data processing.
650 _aIncludes appendix, glossary & index.
942 _2lcc
_cBK
999 _c366361
_d366361